[Event "BEL-ch U14"]
[Site "Blankenberge"]
[Date "2015.04.15"]
[Round "6"]
[White "Van Herreweghe, Jarno"]
[Black "Rosik, Gauthier"]
[Result "0-1"]
[WhiteElo "1036"]
[BlackElo "1420"]
[PlyCount "52"]
[EventDate "2015.04.12"]
[EventType "swiss"]
[EventRounds "9"]
[EventCountry "BEL"]
[SourceTitle "CBM 166 Extra"]
[Source "ChessBase"]
[SourceDate "2015.06.18"]
[SourceVersion "1"]
[SourceVersionDate "2015.06.18"]
[SourceQuality "1"]

1. e4 b6 2. Nf3 Bb7 3. Nc3 e6 4. d3 Nc6 5. g3 Be7 6. Bg2 d6 7. 0-0 Nf6 8. Re1 0-0 9. d4 d5 10. e5 Nd7 11. Be3 Na5 12. b3 Ba6 13. a4 Nb7 14. Nb5 c6 15. Na3 c5 16. c4 cxd4 17. Bxd4 dxc4 18. bxc4 Rc8 19. Nd2 Nbc5 20. Qc2 f6 21. exf6 Bxf6 22. Bxf6 Qxf6 23. Ne4 Nxe4 24. Rxe4 Qxa1+ 25. Nb1 Nc5 26. Rh4 g6 0-1